000 nam a22 7a 4500
999 _c8524
_d8524
008 180117b ||||| |||| 00| 0 eng d
100 _94913
_aGRIPE .J ET AL
245 _aREADINH COMPREHESION ACTIVE
260 _aUSA
_bTCR
_c2011